Search the Library Catalogue
| 000 -LEADER | |
|---|---|
| fixed length control field | 00594nam a2200205Ia 4500 |
| 008 - FIXED-LENGTH DATA ELEMENTS--GENERAL INFORMATION | |
| fixed length control field | 191130s2009##################000#0#eng## |
| 020 ## - INTERNATIONAL STANDARD BOOK NUMBER | |
| ISBN | 9783136712030 |
| 082 ## - DEWEY DECIMAL CLASSIFICATION NUMBER | |
| Classification number | 617.51 BEH |
| 100 ## - MAIN ENTRY--AUTHOR NAME | |
| Personal name | Behrbohm, Hans |
| 245 ## - TITLE STATEMENT | |
| Title | Ear, nose, and throat diseases: with head and neck surgery |
| Statement of responsibility, etc | Hans Behrbohm et al |
| 250 ## - EDITION STATEMENT | |
| Edition statement | 3rd ed |
| 260 ## - PUBLICATION, DISTRIBUTION, ETC. (IMPRINT) | |
| Place of publication | New York |
| Name of publisher | Thieme |
| Year of publication | 2009 |
| 300 ## - PHYSICAL DESCRIPTION | |
| Number of Pages | x, 461 p. : ill. (chiefly col.) ; 24 cm |
| 500 ## - GENERAL NOTE | |
| General note | Includes index |
| 650 ## - SUBJECT ADDED ENTRY--TOPICAL TERM | |
| Topical Term | Otolaryngology |
| 991 ## - | |
| -- | 140231 |
| Withdrawn status | Lost status | Damaged status | Not for loan | Home library | Current library | Shelving location | Date acquired | Full call number | Accession Number | Price effective from | Koha item type |
|---|---|---|---|---|---|---|---|---|---|---|---|
| Anna Centenary Library | Anna Centenary Library | 5TH FLOOR, B WING | 12.10.2020 | 617.51 BEH | 264733 | 12.10.2020 | English Books |